Dorset A-Z - Statistics

General Stats
  • This quiz has been taken 79 times
    9 since last reset
  • The average score is 20 of 26
Answer Stats
Hint Answer % Correct
B Disease which first arrived in England at W in 1348 Black Death
100%
D County town; gave the county its name Dorchester
100%
E Local newspaper founded in 1921 Dorset {Echo}
100%
G Northernmost town; shares its name with a town in Kent Gillingham
100%
J Area of coastline; World Heritage Site Jurassic Coast
100%
L Seaside town; the 'Pearl of Dorset' Lyme Regis
100%
Q Tourist area of Poole Poole {Quay}
100%
R National lifeboat charity headquartered in Poole RNLI
100%
F Town known for its Georgian architecture Blandford {Forum}
75%
A Famous chalk hill-figure Cerne {Abbas} Giant
75%
C Eighteen-mile-long shingle beach Chesil Beach
75%
K Savoury ball-shaped biscuit Dorset {knob}
75%
I Mary Anning found a skeleton of this ancient marine reptile in 1811 Ichthyosaur
75%
M Animal rescue centre; tourist attraction {Monkey} World
75%
N The county is home to many sites from this prehistoric era Neolithic
75%
O Famous chalk cliff formations {Old} {Harry} Rocks
75%
P 'Island' known for its limestone and its Bill Portland
75%
S Market town with an abbey, a famous school, and a castle Sherborne
75%
H Tess of the d'Urbervilles author from Stinsford Thomas Hardy
75%
T Labourers who were exiled to Australia and later pardoned Tolpuddle Martyrs
75%
V The first attack in England by these people took place at P in 789 Vikings
75%
W Second-largest town Weymouth
75%
U T were punished for this activity Unionising
50%
Y The sheltered bay between P and W is particularly suited to this activity Yachting
50%
X The county's five coastal bus routes (hint: X and a two-digit number) X50, X51, X52, X53, X54
25%
Z Section of the B3081; the 'bendiest road in Britain' Zig Zag Hill
25%
No matching quizzes found
Score Distribution
Percent of People with Each Score
Percentile by Number Answered
Your Score History
You have not taken this quiz since the last reset